000
00268nam a2200121 a 4500
008
101025s1977|||| d
245
1
0
_a
Čipkárna
100
1
_a
Lainé, Pascal
044
_a
xo
_c
SK
041
_a
slo
260
_b
Smena
_a
Bratislava
_c
1977
020
_c
18
999
_c
12138
_d
12138